000 00652nam a2200241Ia 4500
005 20260121112519.0
008 6613 260114s9999 xx 000 0 eng d
020 _a9789814313278
037 _aEBOOK
040 _aCRL
_beng
_cCRL
041 _aeng
_2eng
084 _qCRL
100 _aGurzadyan Gagik G Et Al
_9958849
245 0 _aModern Optics and Photonics: Atoms and Structured Media
260 _bWorld Scientific
260 _bWSPC
260 _c2010
650 _aPhysics
_9958850
856 _uhttps://www.worldscientific.com/worldscibooks/10.1142/7795#t=toc
942 _cEBOOK
999 _c1543913
_d1543913